Nguyễn Bỉnh Khiêm về tác gia và tác phẩm
Một số nghiên cứu về cuộc đời, tư tưởng, nhân cách và sự nghiệp văn học, những thành tựu trong thơ văn chữ Hán, chữ Nôm của Nguyễn Bỉnh Khiêm
Gorde:
| Beste egile batzuk: | , , , |
|---|---|
| Formatua: | Liburua |
| Hizkuntza: | Vietnamese |
| Argitaratua: |
H.
Giáo dục
2003
|
| Gaiak: | |
| Etiketak: |
Etiketa erantsi
Etiketarik gabe, Izan zaitez lehena erregistro honi etiketa jartzen!
|
| Thư viện lưu trữ: | Mạng thư viện Đại học Đà Nẵng |
|---|
| LEADER | 01574nam a22004218a 4500 | ||
|---|---|---|---|
| 001 | 000016045 | ||
| 003 | 12434 | ||
| 005 | 20120717100745.0 | ||
| 008 | 120717s2003 b 000 0 vieod | ||
| 020 | |c 57900đ |d 2500b | ||
| 041 | 0 | |a vie | |
| 041 | 0 | |a 0110 | |
| 080 | |a 8(V)1.2 | ||
| 082 | |a 895.9221 |b NG-K | ||
| 084 | |a V5(1)4-4 |b NG527B | ||
| 245 | 1 | 0 | |a Nguyễn Bỉnh Khiêm về tác gia và tác phẩm |c Trần Thị Băng Thanh, Vũ Thanh... tuyển chọn, giới thiệu |
| 260 | |a H. |b Giáo dục |c 2003 | ||
| 300 | |a 691tr : ảnh |c 24cm | ||
| 520 | |a Một số nghiên cứu về cuộc đời, tư tưởng, nhân cách và sự nghiệp văn học, những thành tựu trong thơ văn chữ Hán, chữ Nôm của Nguyễn Bỉnh Khiêm | ||
| 653 | |a Nghiên cứu văn học | ||
| 653 | |a Nguyễn Bỉnh Khiêm | ||
| 653 | |a Việt Nam | ||
| 653 | |a Văn học trung đại | ||
| 653 | |a Nhà thơ | ||
| 700 | 1 | |a Trần Quốc Vượng |e Tác giả | |
| 700 | 1 | |a Vũ Đức Phúc |e Tác giả | |
| 700 | 1 | |a Ngô Đăng Lợi |e Tác giả | |
| 700 | 1 | |a Nguyễn Huệ Chi |e Tác giả | |
| OWN | |a LSP | ||
| AVA | |a UDN50 |b LSP |d 895.9221 NG-K |e available |t Error 5001 Not defined in file expand_doc_bib_avail. |f 1 |g 0 |h N |i 0 |k 1 | ||
| 999 | |a From the UDN01 | ||
| AVA | |a UDN50 |b LSP |d 895.9221 NG-K |e available |t Error 5001 Not defined in file expand_doc_bib_avail. |f 1 |g 0 |h N |i 0 |k 1 | ||
| TYP | |a Monograph | ||
| TYP | |a Printed language | ||
| 980 | |a Mạng thư viện Đại học Đà Nẵng | ||